A teraz túto,- prvý výber najobľúbenejších slovenských ľudových piesní. 1 /

Bibliographic Details
Other Authors: Tátoš, Vojtech (Compiler), Majling, Vojtech, 1938-2021 (Illustrator), Chrenka, Pavol (gup)
Format: Musical Score Book
Language:Slovak
PhysicalDescription:160 s. : fotogr. ; 20 x 12 cm
Published: Banská Bystrica : Partner, 2003
ISBN:8096902954
Edition:1. vyd.
Series:Dotyky
Subjects:

MARC

LEADER 00000ncm a2200000 a 4500
001 vtls001469121
003 SK-MaSNL
005 20260302040420.0
008 251113s2003 xo za 0 slo
015 |a SNBH2004/04-01798 
020 |a 8096902954 
035 |a SNK000424426 
040 |a SNK  |b slo  |c SNK  |e AACR2 
041 0 |a slo 
043 |a e-xo--- 
044 |a xo  |c SK 
072 7 |a 784  |2 konspekt 
080 |a 784.4.087.61  |2 1997 
080 |a 784.4(=162.4)  |2 1997 
245 0 0 |a A teraz túto,-  |h [hudobnina] :  |b prvý výber najobľúbenejších slovenských ľudových piesní.  |n 1 /  |c zostavil V. Tátoš ; [ilustračné fotografie V. Majling ; grafická úprava Pavol Chrenka] 
250 |a 1. vyd. 
260 |a Banská Bystrica :  |b Partner,  |c 2003 
300 |a 160 s. :  |b fotogr. ;  |c 20 x 12 cm 
490 1 |a Dotyky 
500 |a Na obale 1 
650 0 7 |a slovenské ľudové piesne  |2 SNKPH  |9 3454 
650 0 7 |a vokálna hudba  |2 SNKPH  |9 3442 
650 0 7 |a spev  |2 SNKPH  |9 3420 
655 7 |a texty a noty  |2 SNK  |9 70492 
700 1 |a Tátoš, Vojtech  |4 com  |9 529220 
700 1 |a Majling, Vojtech,  |d 1938-2021  |4 ill  |9 250738 
700 1 |a Chrenka, Pavol  |4 gup  |9 268561 
830 0 |a Dotyky  |9 375119 
919 |a 80-969029-5-4 
924 |a spev 
999 |c 1074548  |d 1076478 
952 |t P60, <03>, [BOOK], {603}  |a SNK  |b SNK  |y PREZ  |7 0  |p 17A0415622  |o snkHSD 493/1  |i snkKSP 2561/2004  |0 0  |1 0  |4 0  |d 2004-02-20  |l 0  |r 2005-01-02 00:00:00  |w 2026-02-24 
952 |t P60, <04>, [BOOK], {604}  |a SNK  |b SNK  |y VYP  |7 0  |p 17A0415623  |o snkHSD 493/1 D1  |i snkKSP 2562/2004  |0 0  |1 0  |4 0  |d 2004-02-20  |l 0  |r 2005-01-02 00:00:00  |w 2026-02-24